LEADER 01083nam a2200289 i 4500 001 991003510669707536 005 20021217151756.0 008 961025s1985 uk 001 0 eng d 020 $a0853124868 035 $ab11822892-39ule_inst 035 $aLE00302140$9ExL 040 $aDip.to Biologia$beng 082 0 $a515$222 100 1 $aBall, M. A.$0531430 245 10$aMathematics in the social and life sciences :$btheories, models, and methods /$cM. A. Ball 260 $aChichester :$bEllis Horwood,$c1985 300 $a296 p. :$bill. ;$c25 cm 490 0 $aEllis Horwood series in mathematics and its applications 500 $aIncludes index 650 0$aLife sciences$xMathematics 650 0$aSocial sciences$xMathematics 907 $a.b11822892$b27-04-17$c18-12-02 912 $a991003510669707536 945 $aLE003 515 BAL01.01 (1985)$g1$i2003000003581$lle003$o-$pE0.00$q-$rl$s- $t0$u0$v0$w0$x0$y.i12073209$z18-12-02 996 $aMathematics in the social and life sciences$9898667 997 $aUNISALENTO 998 $ale003$b01-01-96$cm$da $e-$feng$guk $h0$i1 LEADER 00848nam a2200229 i 4500 001 991004422128707536 005 20260310134419.0 008 260310s2010 it e 00000 ita 020 $a9788888906546 040 $aBibl. Dip.le Aggr. Scienze Giuridiche - Sez. Studi Giuridici$bita 082 04$a343.043 245 00$aFederalismo fiscale tra differenziazione e solidarietà :$bprofili giuridici italiani e comparati /$ca cura di Jens Woelk 260 $aBolzano :$bAccademia europea,$c2010 300 $a189 p. :$btab. ;$c24 cm 490 1 $aEur.ac research 490 1 $aEurac book ;$v55 650 4$aTributi$xRiforma$xDiritto comparato 650 4$aFederalismo fiscale$xDiritto comparato 700 1 $aWoelk, Jens 912 $a991004422128707536 996 $aFederalismo fiscale tra differenziazione e solidarietà$94549570 997 $aUNISALENTO